Normal view
MARC view
- Åstrand, Per-Olof.
Entry Personal Name
001 - CONTROL NUMBER
- control field: 3104
003 - CONTROL NUMBER IDENTIFIER
- control field: OSt
005 - DATE AND TIME OF LATEST TRANSACTION
- control field: 20180523110815.0
008 - FIXED-LENGTH DATA ELEMENTS
- fixed length control field: 180523|| aca||aabn | a|a d
040 ## - CATALOGING SOURCE
- Original cataloging agency: OSt
- Transcribing agency: OSt
100 ## - HEADING--PERSONAL NAME
- Personal name: Åstrand, Per-Olof.
670 ## - SOURCE DATA FOUND
- Source citation: Work cat.: (OSt)15416: Åstrand, Per-Olof., Textbook of work physiology :, c1977.
